Gateway to the Great Books 10: Philosophical Essays
Guardat en:
| Format: | Llibre |
|---|---|
| Idioma: | Undetermined |
| Publicat: |
Estados Unidos
Encyclopedia Britanica
1963
|
| Matèries: | |
| Etiquetes: |
Afegir etiqueta
Sense etiquetes, Sigues el primer a etiquetar aquest registre!
|
MARC
| LEADER | 00000nam a2200000Ia 4500 | ||
|---|---|---|---|
| 008 | 170316s9999 xx 000 0 und d | ||
| 040 | |a cru BVZT | ||
| 090 | |a REF | ||
| 245 | |a Gateway to the Great Books 10: Philosophical Essays | ||
| 260 | |a Estados Unidos | ||
| 260 | |b Encyclopedia Britanica | ||
| 260 | |c 1963 | ||
| 300 | |a 580 páginas Vol. 10 | ||
| 650 | |a REFERENCIA | ||
| 650 | |a ENSAYOS FILOSÓFICOS | ||
| 942 | |c REF | ||
| 999 | |c 14934 |d 14934 | ||
